Top 50 państw świata ze względu na liczbę ludności. - Statystyki

Ogólne statystyki
  • Ten quiz został rozwiązany 51 razy
  • Średni wynik to 39 z 50
Statystyki odpowiedzi
Miejsce Państwo Aktualna Populacja (w milionach, w przybliżeniu) % Poprawnych
2. Chiny 1,408,3
100%
21. Francja 68,7
100%
1. Indie 1,417,5
100%
19. Niemcy 83,5
100%
9. Rosja 146
100%
11. Japonia 123,2
98%
39. Polska 37,4
98%
7. Brazylia 213,4
95%
15. Egipt 107,3
95%
31. Hiszpania 49,4
95%
47. Ukraina 32,9
95%
3. USA 340,1
95%
33. Argentyna 46,4
93%
10. Meksyk 130,8
93%
20. Wielka Brytania 69,5
93%
37. Kanada 41,6
85%
5. Pakistan 241,5
85%
18. Turcja 85,7
85%
25. Włochy 58,9
85%
32. Algieria 47,4
83%
4. Indonezja 284,4
83%
34. Irak 46,1
83%
17. Iran 86,6
83%
30. Korea Południowa 51,1
83%
6. Nigeria 223,8
83%
8. Bangladesz 169,8
80%
27. Kolumbia 53,1
80%
40. Maroko 36,8
80%
16. Wietnam 102,3
80%
42. Arabia Saudyjska 35,3
78%
24. RPA 63,1
78%
14. Etiopia 111,7
76%
12. Filipiny 114,1
76%
46. Ghana 33,7
76%
23. Tajlandia 65,8
76%
26. Kenia 53,3
73%
36. Afganistan 43,8
71%
43. Peru 34,4
68%
13. DRK 112,8
66%
28. Sudan 51,7
66%
22. Tanzania 68,2
66%
35. Uganda 45,9
66%
41. Angola 36,6
63%
44. Malezja 34,3
59%
29. Mjanma 51,4
49%
48. Jemen 32,7
46%
38. Uzbekistan 38,1
46%
50. WKS 31,7
46%
49. Madagaskar 31,7
44%
45. Mozambik 34,1
44%
Nie znaleziono quizów pasujących do podanych kryteriów
Rozkład punktacji
Procent ludzi z każdym wynikiem
Percentyl według liczby udzielonych odpowiedzi
Twoja historia wyników
Nie rozwiązałeś tego quizu